स्कायलॅब. (Record no. 276147)

MARC details
000 -LEADER
fixed length control field 00580nam a2200181Ia 4500
008 - FIXED-LENGTH DATA ELEMENTS--GENERAL INFORMATION
fixed length control field 090630s9999 xx 000 0 und d
082 ## - DEWEY DECIMAL CLASSIFICATION NUMBER
Item number 24291
100 ## - MAIN ENTRY--PERSONAL NAME
Personal name बर्वे राजेंद्र.
245 ## - TITLE STATEMENT
Title स्कायलॅब.
Statement of responsibility, etc बर्वे राजेंद्र.
260 ## - PUBLICATION, DISTRIBUTION, ETC. (IMPRINT)
Name of publisher, distributor, etc ग्रंथघर.
300 ## - PHYSICAL DESCRIPTION
Extent 0
600 ## - SUBJECT ADDED ENTRY--PERSONAL NAME
Personal name बर्वे राजेंद्र.
630 ## - SUBJECT ADDED ENTRY--UNIFORM TITLE
Uniform title स्कायलॅब.
655 ## - INDEX TERM--GENRE/FORM
Genre/form data or focus term इतर.
700 ## - ADDED ENTRY--PERSONAL NAME
Personal name बर्वे राजेंद्र.
730 ## - ADDED ENTRY--UNIFORM TITLE
Uniform title स्कायलॅब.
942 ## - ADDED ENTRY ELEMENTS (KOHA)
Koha item type Book
Holdings
Withdrawn status Lost status Damaged status Not for loan Home library Current library Date acquired Cost, normal purchase price Total Checkouts Full call number Barcode Date last seen Cost, replacement price Price effective from Koha item type
        Sarvajanik Wachanalaya Shrivardhan Sarvajanik Wachanalaya Shrivardhan 02/08/2004 30.00   24291 SAWASHRI-24291 06/30/2009 30.00 06/30/2009 Book